| 000 | 00806nam a22002177a 4500 | ||
|---|---|---|---|
| 999 |
_c13363 _d13363 |
||
| 003 | AR-CdUCM | ||
| 008 | 190415b ||||| |||| 00| 0 spa d | ||
| 040 |
_aMUNICIPALIDAD PROVINCIAL DEL CUSCO _cBIBLIOTECA MUNICIPAL DEL CUSCO |
||
| 082 |
_a418.4 / _bC968 |
||
| 110 |
_aMinisterio de educación comisión nacional permanente de educación para la paz _931744 |
||
| 245 | _aCultura de Paz / | ||
| 260 |
_aPerú : _bEditorial universo, _c1986. |
||
| 300 |
_a145 páginas ; _bIlustraciones, _c20 cm. |
||
| 505 | _aContenido: El conflicto -- La violencia -- La paz. | ||
| 650 |
_aEducación _9460 |
||
| 650 |
_aViolencia _911768 |
||
| 650 |
_aEducación y vida diaria _931745 |
||
| 710 |
_aPrograma de las naciones unidas para el desarrollo PNUD _931746 |
||
| 942 |
_2ddc _cLIBROS |
||
| 945 |
_adavv _d15/04/2019 |
||